header

Emerging practices in cyberculture and social networking (Record no. 81149)

MARC details
000 -LEADER
fixed length control field 01612nam a2200361 a 4500
245 00 - TITLE STATEMENT
Title Emerging practices in cyberculture and social networking
260 ## - PUBLICATION, DISTRIBUTION, ETC. (IMPRINT)
Place of publication Amsterdam :
Name of publisher Editions Rodopi,
Year of publication 2010.
300 ## - PHYSICAL DESCRIPTION
Number of Pages xiii, 195 p.
490 1# - SERIES STATEMENT
Series statement At the interface/probing the boundaries ;
505 0# - FORMATTED CONTENTS NOTE
Formatted contents note pt. 1. Access, power and social marginalisation in cyberculture -- pt. 2. Cyber-governance, cyber-communities, cyber-bodies -- pt. 3. New concepts in education and entertainment -- pt. 4. Web 2.0 and social networking.
650 #0 - SUBJECT ADDED ENTRY--TOPICAL TERM
Topical Term Computers and civilization.
Topical Term Internet
Topical Term Cyberspace
Topical Term Social networks.
700 1# - ADDED ENTRY--PERSONAL NAME
Personal name Riha, Daniel.
Personal name Maj, Anna.
856 40 - ELECTRONIC LOCATION AND ACCESS
Uniform Resource Identifier http://site.ebrary.com/lib/rucke/Doc?id=10404071

No items available.

© 2026 Rongo University
Contact us: librarian | system librarian | Rongo university